| 000 | 00872nam a2200241 a 4500 | ||
|---|---|---|---|
| 001 | 000052329 | ||
| 005 | 20200120222722.0 | ||
| 008 | 130123s2001 ck g 000 0 spa d | ||
| 020 | _a9586833704 | ||
| 041 | 0 | _aspa | |
| 043 | _as-ck--- | ||
| 082 | 0 | 4 |
_a323.042 _bC21 _221 |
| 100 | 1 | _aCeballos Arévalo, Miguel. | |
| 245 | 1 | 0 |
_aParticipación y fortalecimiento institucional a nivel local en Colombia / _cMiguel Ceballos y Gerard Martin. |
| 250 | _a1.a ed. | ||
| 260 |
_aBogotá : _bCEJA, _c2001. |
||
| 300 | _a327 p. | ||
| 500 | _aEj.1 de Biblioparque de Funza : Colección Proveniente de la Antigua Biblioteca Municipal, Centro Cultural Bacatá, Funza (Cundinamarca). | ||
| 500 | _aIncluye información biográfica de los autores en la solapa. | ||
| 504 | _aIncluye bibliografía. | ||
| 650 | 1 | 4 |
_aDemocracia _zColombia |
| 650 | 2 | 4 |
_aParticipación social _zColombia |
| 999 |
_c3556 _d3556 |
||